000 00470nam a2200133Ia 4500
008 160809s9999 xx 000 0 und d
100 _aKalam, Rehna.
245 _aGaussian Kernel Based Fuzzy C-Means Clustering Algorithm for Image Segmentation
245 _cRehna Kalam, Ciza Thomas and M Abdul Rahiman.
260 _bComputer Science and Information Technology
260 _cMarch 2016
650 _xINFORMATION TECHNOLOGY
856 _uhttp://airccse.org/V6N51.html
999 _c300080
_d300080